Biggest Inland City by Country - Statistics

General Stats
  • This quiz has been taken 332 times
  • The average score is 13 of 21
Answer Stats
Country City % Correct
Turkey Ankara
94%
United States Chicago
94%
Vietnam Hanoi
94%
Pakistan Lahore
91%
Morocco Fez
88%
Nigeria Kano
78%
Australia Canberra
76%
Argentina Córdoba
68%
Myanmar Mandalay
68%
Indonesia Bandung
61%
Japan Kyoto
61%
Netherlands Rotterdam
58%
Finland Tampere
57%
Sweden Uppsala
55%
Ghana Kumasi
51%
Peru Arequipa
43%
Estonia Tartu
40%
Portugal Braga
38%
Somalia Hargeisa
37%
Algeria Constantine
31%
Greece Larissa
26%
No matching quizzes found
Score Distribution
Percent of People with Each Score
Percentile by Number Answered
Your Score History
You have not taken this quiz